00560nam a2200169 a 4500008004100000020001500041041000800056100002000064245008000084250005600164260003100220300001100251653002300262653001700285653006700302700002100369110811s1995 sp ||||f |||| 001 0 spa d a8434527251 aspa1 aJenkins, Jon L. aManual de Medicina de UrgenciabDiagnóstico y tratamientocJon L. Jenkins a1a ed. 3a reimp.bTraducción Alberto Jornet Casas aBarcelona :bSalvat,c1995 a569 p. aTrastornos medicos aTraumatismos aProblemas especiales en medicina y traumatología de urgencia1 aLoscalzo, Joseph